000 01892cam a2200361 a 4500
999 _c127867
_d127867
001 15195383
003 ARRUPE
005 20180406121208.0
008 080226r20082006nyu 000 0deng
010 _a 2008008751
020 _a9781933633503 (pbk.)
020 _a1933633506 (pbk.)
035 _a(OCoLC)182529369
035 _a(OCoLC)ocn182529369
040 _aDLC
_cDLC
_dBTCTA
_dBAKER
_dYDXCP
_dC#P
_dBWX
_dCDX
_dDLC
043 _aaw-----
050 0 0 _aBP188.18.Y68
_bS76 2008
082 0 0 _a915.604/54
_222
100 1 _aStratton, Allegra.
_941320
245 1 0 _aMuhajababes :
_bmeet the new middle East--young, sexy, and devout /
_cAllegra Stratton.
260 _aBrooklyn, N.Y. :
_bMelville House Pub.,
_cc2008.
300 _a265 p. ;
_c19 cm.
500 _aOriginally published: London : Constable, 2006.
505 0 _aIntroduction -- Requiem for zen -- Generation returned -- Wasta -- Virgin in Beirut -- Arab Alex -- Hizbollah acne -- Palestinian Red Bull -- Badly drawn girls -- Designing the revolution -- 'I need a right' -- The Cairene sensei -- The new Eve -- The problem with being rewish -- Daddy comes home -- I killed the song -- Gezzing -- Fulla pink -- The Muslim Fight Club -- Epilogue -- Afterword -- Acknowledgments.
600 1 0 _aStratton, Allegra
_xTravel.
_941321
650 0 _aMuslim youth
_zMiddle East.
_941322
650 0 _aMuslim women
_zMiddle East.
_941323
650 0 _aIslamic renewal
_zMiddle East.
_941324
650 0 _aIslam
_y21st century.
_918550
650 0 _aIslamic modernism
_zMiddle East.
_941325
856 4 1 _3Table of contents only
_uhttp://www.loc.gov/catdir/toc/ecip0812/2008008751.html
906 _a7
_bcbc
_corignew
_d1
_eecip
_f20
_gy-gencatlg
942 _2lcc
_cMONOGRAPH